[Event "C.to Mondiale U20"]
[Site "Atene GRE"]
[Date "2012.08.04"]
[Round "3"]
[White "Zulfic, Fedja"]
[Black "Rombaldoni, Axel"]
[WhiteElo "2135"]
[BlackElo "2494"]
[Result "0-1"]
[PlyCount "60"]
[EventDate "2012.08.02"]

1. e4 e6 2. d4 d5 3. Nc3 Bb4 4. Nge2 dxe4 5. a3 Be7 6. Nxe4 Nf6 7. N2g3 Nbd7 8.
Bd3 b6 9. O-O Bb7 10. b3 h5 11. Nxf6+ Nxf6 12. Re1 h4 13. Ne4 h3 14. g3 c5 15.
Bb2 Nxe4 16. Bxe4 Bxe4 17. Rxe4 Qd5 18. Qf3 f5 19. Rf4 Qxf3 20. Rxf3 Bf6 21.
Rd1 Rd8 22. Rfd3 Kf7 23. Ba1 cxd4 24. Bxd4 e5 25. Ba1 Rxd3 26. Rxd3 e4 27. Rd1
Bxa1 28. Rxa1 Rd8 29. Rc1 Ke6 30. f3 Rd2 0-1

[Event "C.to Mondiale U20"]
[Site "Atene GRE"]
[Date "2012.08.06"]
[Round "5"]
[White "De Filomeno, Simone"]
[Black "Aravindh, Chithambaram V.R."]
[WhiteElo "2358"]
[BlackElo "2240"]
[Result "1-0"]
[PlyCount "67"]
[EventDate "2012.08.02"]

1. e4 c5 2. Nf3 Nc6 3. d4 cxd4 4. Nxd4 Nf6 5. Nc3 e5 6. Ndb5 d6 7. Bg5 a6 8.
Na3 b5 9. Bxf6 gxf6 10. Nd5 f5 11. g3 fxe4 12. Bg2 Bf5 13. O-O Bg7 14. f3 O-O
15. fxe4 Be6 16. Kh1 Ne7 17. c4 Rb8 18. Qd3 bxc4 19. Nxc4 Bxd5 20. exd5 f5 21.
Qa3 Rf6 22. Qxa6 f4 23. gxf4 exf4 24. Rad1 Qd7 25. Qa3 Rbf8 26. Rd3 Kh8 27. Rh3
Bh6 28. Qc3 Nf5 29. Rh5 Qg7 30. Be4 Ne3 31. Rg1 Qe7 32. Nxd6 Qxd6 33. Rxh6 R8f7
34. Qc8+ 1-0

[Event "C.to Mondiale U20"]
[Site "Atene GRE"]
[Date "2012.08.11"]
[Round "9"]
[White "Minko, Vladimir"]
[Black "De Filomeno, Simone"]
[WhiteElo "2257"]
[BlackElo "2358"]
[Result "1/2-1/2"]
[PlyCount "111"]
[EventDate "2012.08.02"]

1. d4 d5 2. c4 e6 3. Nf3 Nf6 4. g3 dxc4 5. Bg2 Nc6 6. Qa4 Bb4+ 7. Bd2 Nd5 8.
Bxb4 Ndxb4 9. O-O Rb8 10. Nc3 a6 11. Ne5 O-O 12. Nxc6 Nxc6 13. Bxc6 bxc6 14.
Qxc4 Qd6 15. e3 Rxb2 16. Rab1 Rxb1 17. Rxb1 e5 18. dxe5 Qxe5 19. Qxc6 h6 20.
Rd1 Bh3 21. Rd5 Qe7 22. Qxa6 Qb4 23. Qd3 Qb2 24. Rb5 Qc1+ 25. Nd1 Re8 26. f3 g6
27. Rb1 Qc6 28. e4 Ra8 29. Rb2 Qc5+ 30. Qe3 Qc4 31. Qe2 Qd4+ 32. Nf2 Be6 33.
Kg2 c5 34. Rd2 Qa1 35. Qe3 c4 36. f4 Rxa2 37. Rxa2 Qxa2 38. f5 gxf5 39. Qxh6
Qa8 40. Qg5+ Kh7 41. Qh5+ Kg7 42. Qg5+ Kf8 43. Qf6 Qa5 44. exf5 Qd5+ 45. Kg1
Bxf5 46. Qc3 Ke7 47. h4 Kd7 48. h5 Bd3 49. h6 Qd6 50. Qg7 Bg6 51. Qc3 Qd5 52.
Kf1 Bd3+ 53. Kg1 Qd6 54. Qg7 Bg6 55. Qc3 Qe6 56. Kf1 1/2-1/2

[Event "C.to Mondiale U20"]
[Site "Atene GRE"]
[Date "2012.08.12"]
[Round "10"]
[White "De Filomeno, Simone"]
[Black "Potpara, Nikola"]
[WhiteElo "2358"]
[BlackElo "2201"]
[Result "0-1"]
[PlyCount "86"]
[EventDate "2012.08.02"]

1. e4 c5 2. Nf3 e6 3. d4 cxd4 4. Nxd4 Nc6 5. Nc3 Qc7 6. Be3 Nf6 7. f4 Bb4 8.
Ndb5 Qa5 9. e5 Nd5 10. Bd2 Nxc3 11. Bxc3 Bxc3+ 12. Nxc3 Qb4 13. Qd2 Qxb2 14.
Rb1 Qa3 15. Rb3 Qa5 16. Qd6 Ne7 17. Ra3 Qd8 18. Bd3 O-O 19. O-O Nc6 20. Bxh7+
Kxh7 21. Ne4 f5 22. exf6 Rxf6 23. Nxf6+ Qxf6 24. Rh3+ Kg8 25. c3 b6 26. f5 Ba6
27. Rf4 exf5 28. Qxf6 gxf6 29. Rxf5 Rf8 30. g4 Ne7 31. Rfh5 Ng6 32. Rh6 Kf7 33.
Rh7+ Ke6 34. R3h6 Ne5 35. Rg7 Nf7 36. Rh3 Bc4 37. Re3+ Ne5 38. a3 a5 39. h4 Rh8
40. h5 Kd6 41. Kf2 f5 42. Kg3 Nxg4 43. Ree7 Nf6 0-1

[Event "C.to Mondiale U20"]
[Site "Atene GRE"]
[Date "2012.08.13"]
[Round "11"]
[White "Potpara, Nikola"]
[Black "Rombaldoni, Axel"]
[WhiteElo "2201"]
[BlackElo "2494"]
[Result "0-1"]
[PlyCount "82"]
[EventDate "2012.08.02"]

1. d4 e6 2. c4 Bb4+ 3. Nd2 b6 4. Ngf3 Bb7 5. g3 f5 6. Bg2 Nf6 7. O-O O-O 8. a3
Be7 9. b3 c5 10. Bb2 Qc8 11. Qc2 d6 12. Rad1 Ne4 13. Ne1 Nxd2 14. Rxd2 cxd4 15.
Bxd4 Nd7 16. Bb2 Nc5 17. Bxb7 Qxb7 18. Ng2 b5 19. cxb5 Rfc8 20. Rdd1 Qxb5 21.
b4 Ne4 22. Qb3 Qc4 23. Qxc4 Rxc4 24. Rc1 d5 25. Ne3 Rcc8 26. Bd4 a6 27. Rfd1
Kf7 28. f3 Nd6 29. Bc5 Bg5 30. f4 Be7 31. Rc2 Ne4 32. Bxe7 Rxc2 33. Nxc2 Kxe7
34. Nd4 Rc8 35. b5 Nc3 36. b6 Nxd1 37. b7 Re8 38. Nc6+ Kd6 39. b8=Q+ Rxb8 40.
Nxb8 a5 41. Kf1 Nc3 0-1